CLINICAL METHODS IN OBST. AND GYNE. (Record no. 14152)

MARC details
000 -LEADER
fixed length control field 00263nam a22001217a 4500
003 - CONTROL NUMBER IDENTIFIER
control field SGT
082 ## - DEWEY DECIMAL CLASSIFICATION NUMBER
Classification number 618.2
Item number C15P
100 ## - MAIN ENTRY--PERSONAL NAME
Personal name PURI, MANJU
245 ## - TITLE STATEMENT
Title CLINICAL METHODS IN OBST. AND GYNE.
260 ## - PUBLICATION, DISTRIBUTION, ETC. (IMPRINT)
Place of publication, distribution, etc INDIA
Name of publisher, distributor, etc JAYPEE
Year of Publication 2015
300 ## - PAGE DESCRIPTION
No. of Pages 500
942 ## - ADDED ENTRY ELEMENTS (KOHA)
Source of classification or shelving scheme Dewey Decimal Classification
Koha item type Books
942 ## - ADDED ENTRY ELEMENTS (KOHA)
-- 10
Holdings
Withdrawn status Lost status Source of classification or shelving scheme Damaged status Not for loan Collection code Home library Current library Shelving location Date acquired Vendor Name SGTU Total Checkouts Full call number Accession No. (Barcode) Date last seen Date last borrowed Bill Date Koha item type
    Dewey Decimal Classification     MEDICAL SGT Medical Library SGT Medical Library Text Book 22/12/2017 ABC DELHI SGTU 26 618.2 C15P FM9052 06/05/2026 24/04/2026 22/12/2017 Books